LIBRARY & INFORMATION CENTRE, KCAET, TAVANUR

ONLINE PUBLIC ACCESS CATALOGUE (OPAC)

Food Industry Wastes Assessment And Recuperation of Commodities (Record no. 14302)

MARC details
000 -LEADER
fixed length control field 00415nam a22001457a 4500
020 ## - INTERNATIONAL STANDARD BOOK NUMBER
ISBN 9780123919212
082 ## - DEWEY DECIMAL CLASSIFICATION NUMBER
Classification number 664
Item number KOS/FO
245 ## - TITLE STATEMENT
Title Food Industry Wastes Assessment And Recuperation of Commodities
260 ## - PUBLICATION, DISTRIBUTION, ETC. (IMPRINT)
Place of publication New York
Name of publisher Academic Press
Year of publication 2013
300 ## - PHYSICAL DESCRIPTION
Number of Pages 312
490 ## - SERIES STATEMENT
Series statement Food science and Technology, International Series
700 ## - ADDED ENTRY--PERSONAL NAME
Personal name Kosseva,Maria.R
700 ## - ADDED ENTRY--PERSONAL NAME
Personal name Webb,Colin
942 ## - ADDED ENTRY ELEMENTS (KOHA)
Koha item type Reference
Holdings
Withdrawn status Lost status Damaged status Collection code Home library Current library Shelving location Date acquired Source of acquisition Cost, normal purchase price Full call number Accession Number Koha item type
      Reference KAUAET KAUAET Reference1 14/06/2016 Dream Tech, Trivandrum 8524.72 664 KOS/FO 24433 Reference
free website counter